000
00207 a2200097 4500
001
26418
100
_a
Shahid M Harif
245
_a
Tributes to Iqbal
260
_a
_b
Sangemeel publ
_c
090
_c
17755
_d
17755
942
_a
NUST-CAE
_c
M
_c
8619
999
_c
261491
_d
261491